000
00268nam a2200109Ia 4500
008
180430s9999 xx 000 0 und d
020
_a
446601241
100
_a
Patterson, James
245
_a
Kiss the girl /
260
_a
USA:
_b
Warner books
_c
1995
300
_a
458 pages
999
_c
356383
_d
356383